000 01126nam a2200265Ia 4500
003 OSt
005 20221005105540.0
006 a|||||r|||| 00| 0
007 ta
008 221004b |||||||| |||| 00| 0 san d
020 _a8174875069 (hbk)
_c500
024 _a167
037 _b427, 11/03/2013, Eastern Book Linkers
_cTextual
040 _aCRL
_cCRL
_bsan
041 _2san
_asan
082 _aDelta2:864, 152P7
100 _aत्रिपाठी, अरविन्द कुमार
245 0 _aभारतीय ज्योर्तिविज्ञान एवं बृहस्पति जातक
246 _aBhāratīya jyortivijnyān evan bṛuhaspati jātaka
260 _aनई दिल्ली
_bराधा पब्लिकेशन भारत
_c2007
300 _a427पृ0
_ccm.
650 _aआध्यात्मिक अनुभव और रहस्यवाद
942 _hDelta2:864, 152P7
_cTEXL
_2cc
999 _c1016143
_d1016143